[Event "Srem-ch LKS Piast"]
[Site "Srem"]
[Date "2013.03.08"]
[Round "3.3"]
[White "Mrozek, Adam"]
[Black "Hoffmann, Kacper"]
[Result "0-1"]
[WhiteElo "1673"]
[BlackElo "1598"]
[PlyCount "65"]
[EventDate "2013.02.23"]
[EventType "tourn"]
[EventRounds "9"]
[EventCountry "POL"]
[SourceTitle "EXT 2023"]
[Source "ChessBase"]
[SourceDate "2022.10.05"]
[SourceVersion "1"]
[SourceVersionDate "2022.10.05"]
[SourceQuality "1"]

1. d4 g6 2. c4 Nf6 3. Nc3 Bg7 4. e4 d6 5. Nf3 0-0 6. Bd3 c5 7. d5 Qc7 8. Nb5 Qb6 9. a4 a6 10. a5 Qd8 11. Nc3 Nfd7 12. Bd2 Ne5 13. Nxe5 Bxe5 14. 0-0 f5 15. Bh6 Bg7 16. Bxg7 Kxg7 17. exf5 Bxf5 18. Bxf5 Rxf5 19. Qg4 Qf8 20. Rae1 Nd7 21. Ne4 Ne5 22. Qh4 Rh5 23. Qg3 Nxc4 24. Ng5 Qf6 25. Ne6+ Kh8 26. Qb3 Qh4 27. Qc3+ Ne5 28. h3 Qc4 29. Qxc4 Nxc4 30. Re4 Nd2 31. Rb4 Nxf1 32. Kxf1 Rb8 33. Nc7 0-1

[Event "Srem-ch LKS Piast"]
[Site "Srem"]
[Date "2013.02.23"]
[Round "1.4"]
[White "Mrozek, Adam"]
[Black "Wojtkowski, Pawel"]
[Result "1/2-1/2"]
[WhiteElo "1673"]
[BlackElo "1933"]
[PlyCount "60"]
[EventDate "2013.02.23"]
[EventType "tourn"]
[EventRounds "9"]
[EventCountry "POL"]
[SourceTitle "EXT 2023"]
[Source "ChessBase"]
[SourceDate "2022.10.05"]
[SourceVersion "1"]
[SourceVersionDate "2022.10.05"]
[SourceQuality "1"]

1. e4 e5 2. Nf3 Nc6 3. Bb5 a6 4. Bxc6 dxc6 5. 0-0 Bg4 6. Nc3 Nf6 7. d3 Be7 8. h3 Bxf3 9. Qxf3 0-0 10. Bg5 h6 11. Bxf6 Bxf6 12. Rfe1 Re8 13. a3 Qd4 14. Qe3 Qxe3 15. Rxe3 Rad8 16. Rd1 g6 17. Ree1 Bg7 18. Ne2 Kh7 19. c3 a5 20. d4 exd4 21. Nxd4 Bxd4 22. Rxd4 Rxd4 23. cxd4 Kg7 24. f3 Kf6 25. Kf2 h5 26. Rd1 Rd8 27. Ke3 Ke6 28. Rd2 f6 29. g3 Rd7 30. b4 a4 1/2-1/2

[Event "Srem-ch LKS Piast"]
[Site "Srem"]
[Date "2011.04.08"]
[Round "8.5"]
[White "Gorski, Boguslaw"]
[Black "Mrozek, Adam"]
[Result "1-0"]
[WhiteElo "1796"]
[BlackElo "1714"]
[PlyCount "65"]
[EventDate "2011.02.21"]
[EventType "tourn"]
[EventRounds "9"]
[EventCountry "POL"]
[SourceTitle "EXT 2023"]
[Source "ChessBase"]
[SourceDate "2022.10.05"]
[SourceVersion "1"]
[SourceVersionDate "2022.10.05"]
[SourceQuality "1"]

1. d4 d5 2. Nf3 Nf6 3. c4 e6 4. Nc3 Be7 5. e3 0-0 6. Bd3 dxc4 7. Bxc4 c5 8. 0-0 Nbd7 9. Qe2 Nb6 10. Bd3 cxd4 11. Nxd4 Nbd5 12. Bd2 Nxc3 13. Bxc3 Nd5 14. Bd2 Bd6 15. Rac1 Qf6 16. Nb5 Bb8 17. Nc3 b6 18. Nxd5 exd5 19. Bc3 Qh6 20. f4 Bb7 21. Bd4 Bd6 22. Rf3 Bc8 23. Rg3 g6 24. Rxc8 Rfxc8 25. Rh3 Rc1+ 26. Kf2 Qf8 27. Rxh7 f5 28. Rh8+ Kf7 29. Rxf8+ Bxf8 30. g4 Rac8 31. gxf5 Rh1 32. fxg6+ Ke7 33. Qh5 1-0

[Event "Srem-ch LKS Piast"]
[Site "Srem"]
[Date "2011.02.25"]
[Round "2.2"]
[White "Hoffmann, Piotr"]
[Black "Mrozek, Adam"]
[Result "1-0"]
[WhiteElo "1791"]
[BlackElo "1714"]
[PlyCount "71"]
[EventDate "2011.02.21"]
[EventType "tourn"]
[EventRounds "9"]
[EventCountry "POL"]
[SourceTitle "EXT 2023"]
[Source "ChessBase"]
[SourceDate "2022.10.05"]
[SourceVersion "1"]
[SourceVersionDate "2022.10.05"]
[SourceQuality "1"]

1. Nc3 d5 2. e4 d4 3. Nce2 c5 4. Ng3 Nc6 5. Nf3 e5 6. Bb5 Bd6 7. 0-0 Nf6 8. a3 0-0 9. d3 h6 10. Bd2 Ne7 11. Bc4 Ng6 12. Qc1 Nf4 13. Bxf4 exf4 14. Ne2 Nh5 15. e5 Bxe5 16. Nxe5 Qh4 17. g3 fxg3 18. fxg3 Qe7 19. Rxf7 Rxf7 20. Bxf7+ Kh7 21. Bg6+ Kg8 22. Bxh5 Qxe5 23. Nf4 Bd7 24. Qe1 Qg5 25. Qe2 Rf8 26. Rf1 Rf5 27. Qe4 Rxf4 28. Qxf4 Qxh5 29. Qb8+ Kh7 30. Qxb7 Bh3 31. Qe4+ Kg8 32. Re1 Qg5 33. Qf4 Qd5 34. Re8+ Kh7 35. Qe4+ Qxe4 36. Rxe4 1-0

[Event "Srem-ch LKS Piast"]
[Site "Srem"]
[Date "2010.03.05"]
[Round "8.2"]
[White "Gorski, Boguslaw"]
[Black "Mrozek, Adam"]
[Result "1-0"]
[WhiteElo "1808"]
[BlackElo "1710"]
[PlyCount "55"]
[EventDate "2010.03.05"]
[EventType "tourn"]
[EventRounds "9"]
[EventCountry "POL"]
[SourceTitle "EXT 2023"]
[Source "ChessBase"]
[SourceDate "2022.10.05"]
[SourceVersion "1"]
[SourceVersionDate "2022.10.05"]
[SourceQuality "1"]

1. d4 d5 2. Nf3 Nf6 3. c4 e6 4. e3 Be7 5. Bd3 0-0 6. 0-0 dxc4 7. Bxc4 c5 8. Qe2 cxd4 9. Nxd4 Bd7 10. Rd1 Qc7 11. Nc3 a6 12. e4 e5 13. Nb3 Nc6 14. Be3 Na7 15. Rac1 Bc6 16. Nd5 Nxd5 17. exd5 Bd7 18. d6 Bxd6 19. Bxf7+ Rxf7 20. Rxc7 Bxc7 21. Qc4 Bc6 22. Nc5 Nb5 23. Ne6 Nd6 24. Qb3 Kh8 25. Nxc7 Rxc7 26. Rxd6 Rac8 27. h3 Be4 28. Qb6 1-0

[Event "Srem-ch LKS Piast"]
[Site "Srem"]
[Date "2010.03.05"]
[Round "9.4"]
[White "Mrozek, Adam"]
[Black "Hoffmann, Piotr"]
[Result "0-1"]
[WhiteElo "1710"]
[BlackElo "1765"]
[PlyCount "84"]
[EventDate "2010.03.05"]
[EventType "tourn"]
[EventRounds "9"]
[EventCountry "POL"]
[SourceTitle "EXT 2023"]
[Source "ChessBase"]
[SourceDate "2022.10.05"]
[SourceVersion "1"]
[SourceVersionDate "2022.10.05"]
[SourceQuality "1"]

1. Nf3 c6 2. d4 d5 3. c4 Nf6 4. e3 Bg4 5. Nc3 e6 6. cxd5 exd5 7. Be2 Bd6 8. 0-0 0-0 9. Re1 Nbd7 10. h3 Bh5 11. Nh4 Bxe2 12. Qxe2 Ne4 13. Nxe4 dxe4 14. Qg4 Nf6 15. Qe2 g6 16. g3 Nh5 17. Kh2 Qxh4 18. Rg1 Qf6 19. b3 Ng7 20. Bb2 h5 21. d5 Be5 22. Bxe5 Qxe5 23. f4 exf3 24. Qxf3 Qxd5 25. Qf4 Ne6 26. Qf6 Qd8 27. Qc3 Qe7 28. Raf1 Rad8 29. Rf6 Nc5 30. Qb2 Qxe3 31. Rg2 Qd4 32. Qf2 Qxf2 33. Rfxf2 f5 34. Re2 Rfe8 35. Rc2 Ne4 36. g4 hxg4 37. hxg4 f4 38. Rg1 Kg7 39. Re1 f3 40. Rf1 Rh8+ 41. Kg1 Rh3 42. Rfc1 Rdh8 0-1

[Event "Srem-ch LKS Piast"]
[Site "Srem"]
[Date "2009.04.24"]
[Round "9.2"]
[White "Gorski, Boguslaw"]
[Black "Mrozek, Adam"]
[Result "1/2-1/2"]
[WhiteElo "1808"]
[BlackElo "1710"]
[PlyCount "38"]
[EventDate "2009.02.27"]
[EventType "tourn"]
[EventRounds "9"]
[EventCountry "POL"]
[SourceTitle "EXT 2023"]
[Source "ChessBase"]
[SourceDate "2022.10.05"]
[SourceVersion "1"]
[SourceVersionDate "2022.10.05"]
[SourceQuality "1"]

1. d4 d5 2. Nf3 Nf6 3. c4 e6 4. Nc3 Be7 5. e3 0-0 6. Be2 dxc4 7. Bxc4 Nbd7 8. 0-0 Nb6 9. Be2 Bd7 10. a3 Re8 11. b4 Nbd5 12. Bb2 Nxc3 13. Bxc3 Ne4 14. Bb2 Bf6 15. Qb3 h6 16. h3 b6 17. Rfd1 Bc6 18. Rac1 Bb7 19. Bb5 Re7 1/2-1/2

[Event "Srem-ch LKS Piast"]
[Site "Srem"]
[Date "2009.04.03"]
[Round "6.5"]
[White "Skrzypczak, Michal"]
[Black "Mrozek, Adam"]
[Result "1-0"]
[WhiteElo "1950"]
[BlackElo "1710"]
[PlyCount "125"]
[EventDate "2009.02.27"]
[EventType "tourn"]
[EventRounds "9"]
[EventCountry "POL"]
[SourceTitle "EXT 2023"]
[Source "ChessBase"]
[SourceDate "2022.10.05"]
[SourceVersion "1"]
[SourceVersionDate "2022.10.05"]
[SourceQuality "1"]

1. b4 Nf6 2. Bb2 g6 3. c4 Bg7 4. e3 0-0 5. Nf3 b6 6. Be2 Bb7 7. 0-0 d6 8. d4 Nbd7 9. Nbd2 c5 10. a3 Qc7 11. Qb3 h6 12. Rab1 Ne4 13. Bd3 f5 14. Rfd1 Ndf6 15. Nf1 Ng4 16. dxc5 dxc5 17. Bxg7 Kxg7 18. Rb2 Rad8 19. Ne1 Ngxf2 20. Rxf2 Nxf2 21. Qb2+ Rf6 22. Kxf2 f4 23. Kg1 fxe3 24. Nxe3 Qf4 25. Qe2 Rdf8 26. N1c2 Qh4 27. Nd5 Bxd5 28. cxd5 Rf2 29. Qe4 Qxe4 30. Bxe4 Re2 31. Bd3 Re5 32. Ba6 Rd8 33. Bb7 Re6 34. Rf1 Re2 35. Rc1 Rd6 36. Kf1 Rd2 37. bxc5 bxc5 38. Ne1 Rf6+ 39. Kg1 Ra2 40. Nd3 Rxa3 41. Nxc5 Ra2 42. Nd3 a5 43. h3 Rb6 44. Rc7 Re2 45. Nf4 Rb1+ 46. Kh2 Re5 47. d6 Kf7 48. Nd5 Rd1 49. Nxe7 Rxd6 50. Nf5+ Ke6 51. Bc8+ Kd5 52. Nxd6 Kxd6 53. Ra7 Kc6 54. Ra6+ Kc7 55. Bg4 Rg5 56. Bf3 h5 57. h4 Rc5 58. Kg3 g5 59. hxg5 Rxg5+ 60. Kh4 Rb5 61. Rc6+ Kd7 62. Rh6 a4 63. Bc6+ 1-0

[Event "Srem-ch LKS Piast"]
[Site "Srem"]
[Date "2009.02.27"]
[Round "1.4"]
[White "Mrozek, Adam"]
[Black "Wojtkowski, Pawel"]
[Result "1/2-1/2"]
[WhiteElo "1710"]
[BlackElo "2115"]
[PlyCount "42"]
[EventDate "2009.02.27"]
[EventType "tourn"]
[EventRounds "9"]
[EventCountry "POL"]
[SourceTitle "EXT 2023"]
[Source "ChessBase"]
[SourceDate "2022.10.05"]
[SourceVersion "1"]
[SourceVersionDate "2022.10.05"]
[SourceQuality "1"]

1. e4 c6 2. Nf3 d5 3. exd5 cxd5 4. d4 Nf6 5. Nc3 Bg4 6. h3 Bxf3 7. Qxf3 e6 8. Bd3 Nc6 9. Be3 Be7 10. 0-0 0-0 11. a3 a6 12. Rfe1 b5 13. Ne2 Qb6 14. c3 Na5 15. Bc2 Nc4 16. b3 Nxe3 17. Qxe3 Bd6 18. Nf4 Rfd8 19. Kh1 Bxf4 20. Qxf4 Qd6 21. Qxd6 Rxd6 1/2-1/2